| 000 | 00539nam a2200193Ia 4500 | ||
|---|---|---|---|
| 003 | OSt | ||
| 005 | 20200602125811.0 | ||
| 008 | 190216s9999||||xx |||||||||||||| ||und|| | ||
| 020 | _a9788188646098 | ||
| 040 | _coclc | ||
| 082 |
_a338.1 _bSON/L |
||
| 100 |
_aSoni, R N _92016 |
||
| 245 | 0 |
_aLeading Issues In Agricultural Economics / _cR N Soni |
|
| 250 | _a6th Ed. | ||
| 260 |
_bVishal Publcations, _c2004. _aJalandhar: |
||
| 300 | _a470p | ||
| 650 | _aEconomics | ||
| 942 |
_cBK _2ddc _h338.1 _iSON/L _k338.1 _mSON/L |
||
| 999 |
_c10759 _d10759 |
||